Skład reprezentacji Polski na Finlandię - Statystyki

Ogólne statystyki
  • Ten quiz został rozwiązany 49 razy
  • Średni wynik to 9 z 11
Statystyki odpowiedzi
Hint Odpowiedź % Poprawnych
1. Skorupski
98%
3. Bednarek
96%
11. Piątek
94%
4. Kiwior
91%
5. Cash
89%
10. Świderski
89%
7. Szymański
89%
9. Zalewski
89%
8. Moder
72%
6. Slisz
70%
2. Skrzypczak
64%
Nie znaleziono quizów pasujących do podanych kryteriów
Rozkład punktacji
Procent ludzi z każdym wynikiem
Percentyl według liczby udzielonych odpowiedzi
Twoja historia wyników
Nie rozwiązałeś tego quizu